000 00756 a2200205 4500
010 _aENG-89289
020 _a9788131303382
_c395.00
035 _aEN-72822
037 _bDBAD / PUB
082 1 4 _a363.7392
090 _c10706
_d10706
100 1 _aMishra, P.C.
245 1 _aFundamentals of air and water pollution
_cP.C. Mishra
260 _aNew Delhi
_bAPH Publishing Corporation
_c2008
270 _a4435-36/7, Ansari Road, Darya Ganj,
_bNew Delhi
_cDelhi
_e110002
_k23274050
_maphbook@vsnl.net
300 _axiv, 143 p.
_c22 cm ( Hb.)
500 _aIncludes glossary, bibliographical references and index
942 _adpl
_cEN
_k363.7392/ MIS
999 _c10411
_d10411